Équipe de Côte d'Ivoire à la Coupe d'Afrique des nations (2025-2026) - Statistiques

Statistiques générales
  • Ce quiz a été pris 11 fois
  • Le résultat moyen est 12 sur 27
Statistiques - réponses
Poste Joueur % Correct
M Franck Kessié
100%
A Amad Diallo
70%
D Guéla Doué
70%
D Ousmane Diomandé
70%
M Seko Fofana
70%
A Yan Diomandé
70%
A Bazoumana Touré
60%
Sélectionneur Émerse Faé
60%
D Evan N’dicka
60%
G Yahia Fofana
60%
A Evann Guessand
50%
M Ibrahim Sangaré
50%
A Wilfried Zaha
50%
G Alban Lafont
40%
D Ghislain Konan
40%
D Odilon Kossounou
40%
A Oumar Diakité
40%
D Willy Boly
40%
M Jean-Michaël Séri
30%
G Mohamed Koné
30%
M Christ Inao Oulaï
20%
D Christopher Operi
20%
D Emmanuel Agbadou
20%
D Jean-Philippe Gbamin
20%
A Jean-Philippe Krasso
20%
D Armel Junior Zohouri
10%
A Vakoun Issouf Bayo
0%
Aucun quiz correspondant
Distribution des résultats
% des personnes avec chaque résultat
Percentile par nombre de réponses
Votre historique - résultats
Vous n’avez pas pris ce quiz